El gallego y su cuadrilla y otros apuntes capetovetonicos
Kaydedildi:
| Yazar: | |
|---|---|
| Materyal Türü: | Kitap |
| Dil: | İspanyolca |
| Baskı/Yayın Bilgisi: |
Barcelona
Destino
1958
|
| Edisyon: | 2a. ed |
| Seri Bilgileri: | Ancora y Delfín, 113
|
| Konular: | |
| Etiketler: |
Etiketle
Etiket eklenmemiş, İlk siz ekleyin!
|
MARC
| LEADER | 00000nam a2200000 a 4500 | ||
|---|---|---|---|
| 001 | UCS6075 | ||
| 003 | CL-VaPUC | ||
| 008 | 970912e19580000SP |||||||||||||||||spa|d | ||
| 082 | 0 | 4 | |a 863 |b CEL |2 21 |
| 100 | 0 | |a Cela, Camilo José |e author |9 320105 | |
| 245 | 1 | 3 | |a El gallego y su cuadrilla y otros apuntes capetovetonicos |
| 250 | |a 2a. ed | ||
| 300 | |a 291 p | ||
| 942 | |c BK | ||
| 945 | |d 19970912 00:00:00 |a rleighto | ||
| 260 | |a Barcelona |b Destino |c 1958 | ||
| 650 | 0 | |a Novelas españolas |9 265052 | |
| 583 | |a last modification |c 19970912 00:00:00 |k Rodrigo Vera | ||
| 490 | 0 | |a Ancora y Delfín, 113 | |
| 999 | |c 262076 |d 262074 | ||
| 952 | |0 0 |1 0 |4 0 |6 863_000000000000000_CEL_1958 |7 0 |8 A |9 290247 |a BIBEDU |b BIBEDU |d 2019-11-19 |i 2764466 |o 863 CEL 1958 |p 2764466 |r 2019-11-19 |w 2019-11-19 |y BK |k LIT | ||